000 00248nam a22000977a 4500
999 _c17080
_d17080
003 ASAB
005 20170516110232.0
008 140425t xxu||||| |||| 00| 0 eng d
020 _a978-81-312-0169-5
020 _a81-312-0169-4
040 _cASAB
082 _a615.1
245 _aGuidebook on Molecular Modeling in Drug Design
_cEdited by: N. Claude Cohen
260 _aNew Delhi.
_bAcademic Press.
_c1996.
300 _a361 P.
942 _2ddc
_cBK